<?xml version="1.0" encoding="UTF-8"?>
<record
    xmlns:xsi="http://www.w3.org/2001/XMLSchema-instance"
    xsi:schemaLocation="http://www.loc.gov/MARC21/slim http://www.loc.gov/standards/marcxml/schema/MARC21slim.xsd"
    xmlns="http://www.loc.gov/MARC21/slim">

  <leader>01792cam a2200325 a 4500</leader>
  <controlfield tag="001">7199440</controlfield>
  <controlfield tag="005">20220326193310.0</controlfield>
  <controlfield tag="008">090203s2008    au a          000 0 ger d</controlfield>
  <datafield tag="015" ind1=" " ind2=" ">
    <subfield code="a">09,N01,2082</subfield>
    <subfield code="2">dnb</subfield>
  </datafield>
  <datafield tag="020" ind1=" " ind2=" ">
    <subfield code="a">9783708232638</subfield>
  </datafield>
  <datafield tag="020" ind1=" " ind2=" ">
    <subfield code="a">3708232631</subfield>
  </datafield>
  <datafield tag="035" ind1=" " ind2=" ">
    <subfield code="a">(OCoLC)ocn369132703</subfield>
  </datafield>
  <datafield tag="035" ind1=" " ind2=" ">
    <subfield code="a">(OCoLC)369132703</subfield>
  </datafield>
  <datafield tag="035" ind1=" " ind2=" ">
    <subfield code="a">(NNC)7199440</subfield>
  </datafield>
  <datafield tag="040" ind1=" " ind2=" ">
    <subfield code="a">DEBSZ</subfield>
    <subfield code="e">rakwb</subfield>
    <subfield code="c">MZA</subfield>
  </datafield>
  <datafield tag="082" ind1=" " ind2=" ">
    <subfield code="a">708</subfield>
    <subfield code="b">E341z</subfield>
  </datafield>
  <datafield tag="100" ind1=" " ind2=" ">
    <subfield code="a">Eiblmayr, Silvia.</subfield>
    <subfield code="9">1986</subfield>
  </datafield>
  <datafield tag="245" ind1="1" ind2="0">
    <subfield code="a">Zehn Jahre Galerie im Taxispalais :</subfield>
    <subfield code="b">Dokumentation 1999-2008 /</subfield>
    <subfield code="c">[Hg. Silvia Eiblmayr].</subfield>
  </datafield>
  <datafield tag="250" ind1=" " ind2=" ">
    <subfield code="a">1. Aufl.</subfield>
  </datafield>
  <datafield tag="260" ind1=" " ind2=" ">
    <subfield code="a">Innsbruck :</subfield>
    <subfield code="b">Skarab&#xE4;us,</subfield>
    <subfield code="c">2008.</subfield>
  </datafield>
  <datafield tag="300" ind1=" " ind2=" ">
    <subfield code="a">336 p. :</subfield>
    <subfield code="b">col. ill. ;</subfield>
    <subfield code="c">28 cm.</subfield>
  </datafield>
  <datafield tag="505" ind1=" " ind2=" ">
    <subfield code="t">Vortwort </subfield>
    <subfield code="r">LH Gunter platter </subfield>
    <subfield code="t">10 Jahre Galerie im Taxispalais unter Silvia Eiblmayr </subfield>
    <subfield code="r">Thomas Juen </subfield>
    <subfield code="t">Einleitung</subfield>
    <subfield code="r">Silvia Eiblmayr </subfield>
    <subfield code="t">Umbau der Galerie Im Taxispalais 1997-1999</subfield>
    <subfield code="r">Hanno Schlogl und Daniel SuB</subfield>
    <subfield code="t">In Zehn Wendejahrent</subfield>
    <subfield code="r">Georg Schollhammer </subfield>
    <subfield code="t">Equal But Different </subfield>
    <subfield code="r">Natasa Ilic</subfield>
    <subfield code="t">Universalismus versus Partikularismus </subfield>
    <subfield code="r">Romana Schuler </subfield>
    <subfield code="t">Let the music play</subfield>
    <subfield code="r">christiane erharter </subfield>
    <subfield code="t">Programm Galerie im taxispalais 1999-2008</subfield>
    <subfield code="t">Kunstvermittlung in der galerie im taxispalais 1999-2008</subfield>
    <subfield code="r">Gabriele Ultsch, Robert Gander </subfield>
    <subfield code="t">Verein der Freunde der Galerie im taxispalais </subfield>
    <subfield code="t">Autorlnnen</subfield>
    <subfield code="t">Mitarbeiterlnnen</subfield>
    <subfield code="t">Personenverzeichnis</subfield>
    <subfield code="t">bildnachweis </subfield>
    <subfield code="t">Impressum</subfield>
  </datafield>
  <datafield tag="610" ind1="2" ind2="0">
    <subfield code="a">Galerie im Taxispalais (Innsbruck, Austria)</subfield>
    <subfield code="x">History.</subfield>
    <subfield code="9">1987</subfield>
  </datafield>
  <datafield tag="610" ind1="2" ind2="0">
    <subfield code="a">Galerie im Taxispalais (Innsbruck, Austria)</subfield>
    <subfield code="x">Exhibitions</subfield>
    <subfield code="x">History.</subfield>
    <subfield code="9">1988</subfield>
  </datafield>
  <datafield tag="650" ind1=" " ind2="0">
    <subfield code="a">Art</subfield>
    <subfield code="x">Exhibitions</subfield>
    <subfield code="z">Austria</subfield>
    <subfield code="z">Innsbruck</subfield>
    <subfield code="x">History</subfield>
    <subfield code="y">20th century.</subfield>
    <subfield code="9">1989</subfield>
  </datafield>
  <datafield tag="700" ind1="1" ind2=" ">
    <subfield code="a">Eiblmayr, Silvia.</subfield>
    <subfield code="9">1990</subfield>
  </datafield>
  <datafield tag="856" ind1="4" ind2=" ">
    <subfield code="q">text/html</subfield>
    <subfield code="u">http://deposit.d-nb.de/cgi-bin/dokserv?id=3190219&amp;prov=M&amp;dok%5Fvar=1&amp;dok%5Fext=htm</subfield>
    <subfield code="3">Inhaltstext</subfield>
  </datafield>
  <datafield tag="948" ind1="1" ind2=" ">
    <subfield code="a">20090622</subfield>
    <subfield code="b">c</subfield>
    <subfield code="c">fra1</subfield>
    <subfield code="d">SCMC</subfield>
  </datafield>
  <datafield tag="999" ind1=" " ind2=" ">
    <subfield code="c">414</subfield>
    <subfield code="d">414</subfield>
  </datafield>
  <datafield tag="952" ind1=" " ind2=" ">
    <subfield code="0">0</subfield>
    <subfield code="1">0</subfield>
    <subfield code="2">ddc</subfield>
    <subfield code="4">0</subfield>
    <subfield code="7">0</subfield>
    <subfield code="a">LV</subfield>
    <subfield code="b">LV</subfield>
    <subfield code="c">Colectivas</subfield>
    <subfield code="d">2015-01-23</subfield>
    <subfield code="l">0</subfield>
    <subfield code="o">708 E341z</subfield>
    <subfield code="p">000553</subfield>
    <subfield code="r">2015-01-23 00:00:00</subfield>
    <subfield code="w">2015-01-23</subfield>
    <subfield code="y">01</subfield>
  </datafield>
</record>
